00982nam a2200253 a 450000100100000000500170001000800410002704000250006808200230009310000470011624500420016325000120020526000420021730000210025949000250028059000270030565000280033265000310036083000310039191000410042295201210046395201270058499900170071100001145420200929162446.0091019s1998 dr 000 f spa d aDO-SdBNPbspacBNPHU a863.3bP438m, 19981 aPérez Galdós, Benito,d1843-19209368110aMarianela /cBenito Pérez Galdós. a3a. ed. aSanto Domingo :bAlfa & Omega,c1998. a263 p. ;c22 cm.1 aLiteratura universal aInventariado, 2020/MFF 4aNovela española91123 4aLiteratura española9632 0aLiteratura universal91125 aValidado. COntrol de calidad MMOLINA 0010718PDaPDbPDcHDd2009-10-19iLF1l0o863.3 P438m, 1998p11454-10r2020-06-25w2020-06-25yLFPDZNo se presta 0010718PDaPDbPDcHDd2013-04-19iLF1l0o863.3 P438m, 1998p11454-20r2020-06-25te. 2w2020-06-25yLFPDZNo se presta c11155d11155